The Joker - Portrayals by Picture - Statistics

General Stats
  • This quiz has been taken 36 times
  • The average score is 9 of 41
Answer Stats
Picture Answer % Correct
Heath Ledger
93%
Jack Nicholson
86%
Joaquin Phoenix
79%
Mark Hamill
75%
Jared Leto
68%
Cesar Romero
57%
Christopher Corey Smith / John DiMaggio / Jason Spisak / Zach Galifianakis / Steven Blum / Mark Hamill
46%
Mark Hamill
43%
Mark Hamill
36%
Mark Hamill
32%
Mark Hamill
32%
Mark Hamill
29%
Mark Hamill
29%
Barry Keoghan
25%
Cameron Monaghan
21%
John DiMaggio
21%
Alan Tudyk
14%
Jason Spisak
14%
Kevin Michael Richardson
14%
Jason Spisak
11%
Troy Baker
11%
Jeff Bennett
7%
Troy Baker
7%
Troy Baker
7%
Troy Baker
7%
Wataru Takagi / Tony Hale
7%
Anthony Ingruber
4%
Brent Spiner
4%
Curtis Armstrong
4%
Jeff Bergman
4%
Jeremiah Watkins
4%
Ken Yasuda
4%
Kevin Pollak
4%
Larry Storch
4%
Lennie Weinrib
4%
Mark Frost
4%
Michael Emerson
4%
Mick Wingert
4%
Richard Epcar
4%
Richard Epcar
4%
Richard Epcar
4%
No matching quizzes found
Score Distribution
Percent of People with Each Score
Percentile by Number Answered
Your Score History
You have not taken this quiz